000 00354nam a2200157Ia 4500
008 210716s2009 xx 000 0 und d
020 _a9788130910895
041 _aeng
082 _a657.40681 FINA
100 _aFinance
245 _aFinance.
250 _a1
260 _aNew Delhi
_bViva Books
_c2009
300 _a857
650 _aAccounting(657)
999 _c205357
_d205357